000 00770nam a22002297a 4500
003 BUBTL
008 240304b ||||| |||| 00| 0 eng d
020 _a9788120341807
041 _aeng
082 _a658.4012/ P49s/ 2022
100 _95702
_aPhadtare, Milind T.
245 _aStrategic Management :
_bConcepts and Cases /
_cMilind T. Phadtare
250 _a1st ed
260 _aDelhi:
_bPHI Learning Private Limited,
_cc2022
300 _axvi, 279 p.:
_c24 p. :
500 _aIncludes Index
505 _aStrategic Management, Concept of Strategy, Strategic Intent, Environment and Environmental Analysis, Organizational Capability
650 0 _939
_aManagement
856 _k0
_l0
_yDownload
942 _2ddc
_cBK
999 _c7238
_d7238